| 000 | 00650cam a2200205 4500 | ||
|---|---|---|---|
| 001 | WB3540-38 | ||
| 008 | 000000n1999 000 0 eng u | ||
| 035 | _a(Sirsi) u100430 | ||
| 245 | _aOrganic boom | ||
| 260 | _c1999 | ||
| 490 |
_aIndependent _v12 october 1999, 9(1) |
||
| 520 | _aThe Soil Association has launched a campaign to increase Britain's food production. British consumers currently spend £1bn on organic produce, 70% of which is produced overseas. | ||
| 590 | _aWB | ||
| 650 | _aORGANIC FARMING | ||
| 650 | _aSOIL ASSOCIATION | ||
| 650 | _aFARMERS | ||
| 650 | _aORGANIC AID SCHEME | ||
| 690 | _aRURAL PRACTICE | ||
| 942 | _n0 | ||
| 999 |
_c60087 _d60087 |
||